MARC

LEADER 00000nam0a2200000 4500
001 314353
005 20231102002653.0
035 |a (RuTPU)RU\TPU\book\339774 
090 |a 314353 
100 |a 20160212d1906 k y0rusy50 ca 
101 1 |a rus  |c ger 
102 |a UA 
105 |a a z 001zy 
200 1 |a Химико-технический анализ  |f Г. Лунге  |g перевод с дополнениями М. С. Гинзбурга ; под ред. профессора К. Г. Дементьева 
210 |a Киев  |c Сотрудникъ  |c Типография Петра Барского  |d 1906 
215 |a XII, 226 с.  |c табл. 
300 |a Раздельная пагинация страниц  
300 |a Текст в русской дореформенной орфографии 
316 |5 63413507: 23//14  |a На переднем форзаце надпись: "Из книг К. Гринаковского" 
316 |5 63413507: 23//14  |a На титульном листе владельческий штамп: "из книг К. П. Гринаковского" 
317 |5 63413507: 23//14  |a Поступил в НТБ в 1921 г. по счету К. П. Гринаковского 
320 |a Библиогр. в начале тем 
320 |a Таблицы: с. 195-226 
606 1 |a Химический анализ  |2 stltpush  |3 (RuTPU)RU\TPU\subj\70293  |9 84646 
610 1 |a химико-технический контроль 
610 1 |a газы 
610 1 |a технический анализ 
610 1 |a объемный анализ 
610 1 |a горючие материалы 
610 1 |a вода 
610 1 |a неорганические продукты 
610 1 |a производство 
610 1 |a серная кислота 
610 1 |a азотная кислота 
610 1 |a сульфаты 
610 1 |a соляная кислота 
610 1 |a сода 
610 1 |a хлор 
610 1 |a калийные соли 
610 1 |a глиняные изделия 
610 1 |a цемент 
610 1 |a минеральные удобрения 
610 1 |a аммиак 
610 1 |a каменноугольные смолы 
610 1 |a масла 
610 1 |a жиры 
610 1 |a мыло 
610 1 |a глицерин 
610 1 |a сахар 
610 1 |a спирты 
610 1 |a уксус 
610 1 |a вино 
610 1 |a пиво 
610 1 |a дубильные вещества 
610 1 |a красители 
610 1 |a владельческие знаки 
610 1 |a владельческие надписи 
610 1 |a Коллекция К. П. Гринаковского 
675 |a 543  |v 4 
700 1 |a Лунге  |b Г. 
702 1 |a Гинзбург  |b М. С.  |4 730 
702 1 |a Дементьев  |b К. Г.  |c химик-технолог  |c директор Киевского политехнического института  |f 1864-1916  |g Константин Григорьевич  |2 stltpush  |3 (RuTPU)RU\TPU\pers\35877  |4 340  |9 19020 
801 1 |a RU  |b 63413507  |c 20160212 
801 2 |a RU  |b 63413507  |c 20210712  |g RCR 
942 |c BK